000 00888nam a2200277 i 4500
003 EG-GICUC
005 20260121101419.0
008 251203s1914 e ||||fr|||| 001 0 eng d
040 _aEG-GiCUC
_beng
_cEG-GiCUC
_dEG-GiCUC
_erda
041 0 _aeng
082 0 4 _221
_a330
_bEN
092 0 4 _221
099 _aLaw1 10 330 EN 1914
245 1 0 _aEnglish Economic History :
_bSelect Documents /
_cEdited By A. E. BLAND, B.A., P. A. BROWN, M.A., AND R. H. TAWNEY, D.LITT.
264 1 _aLondon :
_bG. BELL AND SONS, LTD,
_c1914.
300 _a730 pages ;
_c24 cm.
336 _2rda content
_atext
337 _2rda media
_aComputer
338 _2rda carrier
_aOnline Resource
546 _aText in English
650 1 4 _aCriminal law
700 0 _aR. H. Tawney
_eeditor.
856 4 0 _uhttps://fll.law.cu.edu.eg/fulltext/bks/B10-00652.pdf
905 _a33
_eHassnaa
942 _2ddc
_cBK
_e21
_n0
999 _c48089
_d48089